000 00821nab a2200253 u 4500
001 17369
003 HDC
007 cr bn ---aaaaa
008 210223c mydr|noo 0 a may d
040 _aHDC
100 _aJunita Mat Rasid
_eauthor
_99202
245 0 _aMaha dapat sambutan menggalakkan /
_cby Junita Mat Rasid
260 _aMalaysia :
_bBerita Harian,
_c2002
336 _atext
_2rdacontent
337 _acomputer
_2rdamedia
338 _aonline resource
_2rdacarrier
650 _aagriculture industry
_92340
650 _atourism
_9880
710 _aBerita Harian
856 _zRequest full-text at [email protected]
942 _2lcc
942 _cNEWS
942 _kNWSO 008645
999 _c14685
_d14685